LEADER 00922nam a2200205 i 4500 001 000000068657 003 CaOOAMICUS 005 20100730000000.0 008 100730s1980 it u000 u ita u 013 $a39829 040 $aSeMil$bita 100 1 $aMagli, Ida <1925-2016>.$0(OLS)http://semarc/name/24852 245 10$aIntroduzione all'antropologia culturale :$bstoria, aspetti e problemi della teoria della cultura /$cIda Magli. 260 $aMilano :$bClub degli editori,$c1980. 300 $aVI, 197 p. ;$c21 cm. 650 4$aAntropologia culturale.$0(OLS)http://semarc/subject/2863 850 $aSeMil 852 $aSeMil$W1$xVenegono$y1$m2O III 242$j34810$B34810$CSeMilBibl$Z2$F34813 $81 996 $6245$aIntroduzione all'antropologia culturale :$bstoria, aspetti e problemi della teoria della cultura$9(OLS)http://semarc/title/109715 996 $6260$aMilano :$bClub degli editori$9(OLS)http://semarc/publisher/33332 LEADER 00848nam a2200217 i 4500 001 000000099334 003 CaOOAMICUS 005 20160125000000.0 008 160125s1933 it u000 u ita u 013 $a71486 040 $aSeMil$bita 100 1 $aPiccioli, Giuseppe <1905-1961>.$0(OLS)http://semarc/name/43237 245 10$aNozioni di Didattica Pianistica /$cGiuseppe Piccioli. 260 $aComo :$bEmo Cavalleri,$cstampa 1933. 300 $a187 p. ;$c18 cm. 500 $aContiene : Appendice bibliografica. 650 4$aPianoforte - Insegnamento.$0(OLS)http://semarc/subject/757 850 $aSeMil 852 $aSeMil$W1$xVenegono$y1$m3Q I 34$j56875$B56875$CSeMilBibl$Z2$F66845 $81 996 $6245$aNozioni di Didattica Pianistica$9(OLS)http://semarc/title/146897 996 $6260$aComo :$bEmo Cavalleri$9(OLS)http://semarc/publisher/38200